| 000 | 01007nam a2200277 i 4500 | ||
|---|---|---|---|
| 999 |
_c7677 _d7677 |
||
| 001 | 991060719176606706 | ||
| 003 | OSt | ||
| 005 | 20230328132131.0 | ||
| 008 | 220830s2022 sp a||||r|||||000 0|spa c | ||
| 017 |
_aDL M 13110-2022 _bOficina DL Madrid |
||
| 020 | _a9788419077110 | ||
| 040 |
_aES-BaUAB _bcat _erda _cCDMR |
||
| 100 | 1 | _aPérez Martínez, José Emilio, | |
| 245 | 1 | 3 |
_aLa voz de las sin voz : _bel movimiento de radios libres entre la transición y la época socialista (1976-1989) / _cJosé Emilio Pérez Martínez |
| 246 | 3 | 0 | _aEl movimiento de las radios libres entre la transición y la época socialista (1976-1989) |
| 264 | 1 |
_aMadrid : _bSílex, _c2022 |
|
| 300 |
_a474 pàgines : _bil·lustracions ; _c21 cm |
||
| 490 | 1 | _aSílex Universidad-Historia | |
| 504 | _aBibliografia | ||
| 650 | 7 |
_aRadiodifusió _zEspanya _xHistòria _yS. XX. _2lemac |
|
| 650 | 7 |
_aRàdio lliure _2lemac |
|
| 830 | 0 |
_aSílex universidad. _lHistoria |
|
| 908 |
_aUAB _aUB |
||
| 940 | _aUAB | ||
| 942 |
_2udc _cMON |
||